Science Quiz

Random Science Quiz

Multiple Choice: Symbols by Element Quiz Stats

 Plays Quiz not verified by Sporcle

Support Sporcle.
Go Orange.
Score 0/15 Timer 01:30
0 Plays Today
Question Answer Wrong Answers
Hydrogen H
96.7%
Na
0%
Mg
0%
Al
0%
Nitrogen N
96.7%
Ca
0%
V
0.6%
W
0%
Lithium Li
96.1%
Al
0%
Ti
0.6%
Tl
0.6%
Helium He
95.6%
Cf
0%
Bk
0.6%
Au
0%
Manganese Mn
95.6%
Cr
0%
Cl
0.6%
F
0.6%
Magnesium Mg
95%
Al
0.6%
S
0%
P
0%
Boron B
94.4%
O
0%
C
0.6%
Ne
0%
Tennessine Ts
91.7%
Og
1.1%
Fl
1.1%
Es
1.7%
Nobelium No
87.2%
P
1.7%
K
1.1%
Pt
5%
Neon Ne
86.7%
N
7.8%
F
0.6%
Cl
0.6%
Mercury Hg
85%
He
3.9%
Li
3.3%
B
3.9%
Tin Sn
81.7%
V
4.4%
W
2.8%
Xe
6.1%
Gold Au
81.7%
Ag
12.2%
Hg
1.7%
Cu
1.1%
Sodium Na
79.4%
S
15.6%
Ar
0%
P
0.6%
Tungsten W
61.7%
Ta
23.9%
Sn
6.7%
Sb
3.9%

You're not logged in!

Compare scores with friends on all Sporcle quizzes.
OR
Log In

From the Vault

15 Categories: Letter 'U' Blitz

by Flick

Is that a letter U or just a big magnet?
Remove Ads.
Support Sporcle.
Get the best of Sporcle when you Go Orange. This ad-free experience offers more features, more stats, and more fun while also helping to support Sporcle. Thank you for becoming a member.

Show Comments

Extras

Created Feb 3, 2017ReportNominate
Tags:multiple, Symbol

Top Quizzes Today


Score Distribution

Your Account Isn't Verified!

In order to create a playlist on Sporcle, you need to verify the email address you used during registration. Go to your Sporcle Settings to finish the process.

Report this User

Report this user for behavior that violates our Community Guidelines.

Details: